| 000 -LEADER |
| fixed length control field |
00742nam a2200241Ia 4500 |
| 001 - CONTROL NUMBER |
| control field |
7758 |
| 003 - CONTROL NUMBER IDENTIFIER |
| control field |
GE_BSU |
| 005 - DATE AND TIME OF LATEST TRANSACTION |
| control field |
20220926104630.0 |
| 008 - FIXED-LENGTH DATA ELEMENTS--GENERAL INFORMATION |
| fixed length control field |
181216s2012en xx |||||||||||||| ||eng|| |
| 020 ## - INTERNATIONAL STANDARD BOOK NUMBER |
| International Standard Book Number |
9780135093573 |
| 040 ## - CATALOGING SOURCE |
| Transcribing agency |
GE_BSU |
| 041 ## - LANGUAGE CODE |
| Language code of text/sound track or separate title |
eng |
| 080 ## - UNIVERSAL DECIMAL CLASSIFICATION NUMBER |
| Universal Decimal Classification number |
747.09 H-24 |
| 100 ## - MAIN ENTRY--PERSONAL NAME |
| Personal name |
Harwood, Buie |
| 9 (RLIN) |
4588 |
| 245 ## - TITLE STATEMENT |
| Title |
Architecture and interior Design / |
| Statement of responsibility, etc. |
Buie Harwood; Bridget May; Curt Sherman. |
| 264 ## - PRODUCTION, PUBLICATION, DISTRIBUTION, MANUFACTURE, AND COPYRIGHT NOTICE |
| Place of production, publication, distribution, manufacture |
Boston : |
| Name of producer, publisher, distributor, manufacturer |
Prencice Hall, |
| Date of production, publication, distribution, manufacture, or copyright notice |
2012. |
| 300 ## - PHYSICAL DESCRIPTION |
| Extent |
883 p.: |
| Dimensions |
29 cm. |
| 653 ## - INDEX TERM--UNCONTROLLED |
| keyword |
Architecture and interior Design |
| 653 ## - INDEX TERM--UNCONTROLLED |
| keyword |
არქიტექტურა და ინტერიერის დიზაინი |
| 700 ## - ADDED ENTRY--PERSONAL NAME |
| Personal name |
Bridget, May |
| 9 (RLIN) |
4589 |
| 700 ## - ADDED ENTRY--PERSONAL NAME |
| Personal name |
Curt, Sherman |
| 9 (RLIN) |
4590 |
| 942 ## - ADDED ENTRY ELEMENTS (KOHA) |
| Koha item type |
წიგნი |
| Source of classification or shelving scheme |
|